Vista normal
Vista MARC
- Convención internacional sobre los derechos de las personas con discapacidad
Entrada Título uniforme
Número de registros utilizados en: 2
001 - NÚMERO DE CONTROL
- campo de control: 191
003 - IDENTIFICADOR DEL NÚMERO DE CONTROL
- campo de control: ES-MaFIAP
005 - FECHA Y HORA DE LA ÚLTIMA TRANSACCIÓN
- campo de control: 20220916130836.0
008 - DATOS DE LONGITUD FIJA
- campo de control de longitud fija: 220916|| aca||aabn | a|a d
040 ## - FUENTE DE LA CATALOGACIÓN
- Centro catalogador/agencia de origen: ES-MaFIAP
- Centro/agencia transcriptor: ES-MaFIAP
130 ## - ENCABEZAMIENTO--TÍTULO UNIFORME
- Título uniforme: Convención internacional sobre los derechos de las personas con discapacidad
- Fecha de la firma de un tratado: (2006)
670 ## - FUENTE DE DATOS ENCONTRADOS
- Cita de la fuente: Work cat.: (ES-MaFIAP)63: Palacios, Agustina XX4443506 190, La discapacidad como una cuestión de derechos humanos [Texto impreso] :, 2007





